Ekonomika ta deržava naukovo-praktičnij žurnal

Guardado en:
Detalles Bibliográficos
Formato: Seriadas
Lenguaje:inglés
ucraniano
Publicado: Kyiv Editorial Office of Economics and State
Etiquetas: Agregar Etiqueta
Sin Etiquetas, Sea el primero en etiquetar este registro!

MARC

LEADER 00000nas1a2200000 4500
001 0280630
005 20220112134330.2
022 |a 2306-6806 
041 0 |a eng 
041 0 |a ukr 
044 |a UA 
245 1 0 |a Ekonomika ta deržava  |b naukovo-praktičnij žurnal 
264 1 |a Kyiv  |b Editorial Office of Economics and State